[Event "?"]
[Site "?"]
[Date "2017.07.24"]
[Round "1.1"]
[White "Brass, Ezra"]
[Black "Dwyer, Daniel"]
[Result "0-1"]
[WhiteElo "1576"]
[BlackElo "1720"]
[PlyCount "62"]
[EventDate "2017.07.28"]
[SourceDate "2017.07.28"]
[WhiteTeam "ENG B"]
[BlackTeam "IRL"]

1. e4 c6 2. Nc3 d5 3. Nf3 dxe4 4. Nxe4 Nf6 5. Ng3 Bg4 6. h3 Bxf3 7. Qxf3 e6 8.
Bc4 Nbd7 9. d4 Nb6 10. Bd3 Qxd4 11. O-O Nbd7 12. Be3 Qd5 13. Qe2 Be7 14. Rfd1
Qa5 15. c3 O-O 16. b4 Qc7 17. Bc2 a5 18. bxa5 Qxa5 19. c4 Rfd8 20. Rab1 Qc7 21.
a4 Bc5 22. Bg5 Qxg3 23. Bxf6 Nxf6 24. Rxd8+ Rxd8 25. Rxb7 Qf4 26. Rb3 Rd2 27.
Rb8+ Bf8 28. Qe1 Rxc2 29. Rxf8+ Kxf8 30. Qb4+ Ke8 31. g3 Qxf2+ 0-1

[Event "?"]
[Site "?"]
[Date "2017.07.24"]
[Round "1.2"]
[White "Menon, Sanjay"]
[Black "Saidmurodov, Shahjahon"]
[Result "0-1"]
[WhiteElo "1499"]
[BlackElo "1505"]
[PlyCount "106"]
[EventDate "2017.07.28"]
[SourceDate "2017.07.28"]
[WhiteTeam "IRL"]
[BlackTeam "ENG B"]

1. e4 c6 2. d4 d5 3. e5 Bf5 4. Bd3 Bg6 5. Ne2 e6 6. Bxg6 hxg6 7. Be3 Ne7 8. Qd3
Nf5 9. Nd2 Nh4 10. g3 Ng2+ 11. Kf1 Nxe3+ 12. Qxe3 Nd7 13. Qb3 Qb6 14. Qxb6 axb6
15. a3 Kd8 16. Rc1 b5 17. c3 Be7 18. Kg2 Kc7 19. f4 Nb6 20. Ng1 Nc4 21. Nxc4
bxc4 22. Nf3 Ra6 23. Ng5 Rb6 24. Rc2 Bxg5 25. fxg5 Kd7 26. Rf1 Ke7 27. Rcf2 Rf8
28. h4 Rb3 29. Kh3 b6 30. g4 c5 31. Kg2 cxd4 32. cxd4 Rd3 33. Rf4 Rd2+ 34. R1f2
Rxf2+ 35. Rxf2 Kd7 36. h5 gxh5 37. gxh5 Ke7 38. h6 gxh6 39. gxh6 f6 40. h7 Rh8
41. Rxf6 Rxh7 42. Rf3 Rh4 43. Rh3 Rxd4 44. Rh7+ Kf8 45. Rh6 Rd2+ 46. Kg3 Rxb2
47. Rxe6 c3 48. Rc6 c2 49. Kf3 Ke7 50. Ke3 Kd7 51. Rc3 Rb3 52. Rxb3 c1=Q+ 53.
Kd3 Qc4+ 0-1

[Event "?"]
[Site "?"]
[Date "2017.07.24"]
[Round "1.3"]
[White "Lesliel, Alex"]
[Black "Kirby, Con"]
[Result "1/2-1/2"]
[WhiteElo "1485"]
[BlackElo "1228"]
[PlyCount "126"]
[EventDate "2017.07.28"]
[SourceDate "2017.07.28"]
[WhiteTeam "ENG B"]
[BlackTeam "IRL"]

1. d4 d5 2. c4 e6 3. Nc3 Nf6 4. Bg5 Nbd7 5. Nf3 Be7 6. e3 c5 7. cxd5 exd5 8.
dxc5 Nxc5 9. Bxf6 Bxf6 10. Bb5+ Bd7 11. Bxd7+ Qxd7 12. O-O Bxc3 13. bxc3 O-O
14. Rb1 Ne4 15. Qd4 Qc6 16. Rfc1 b6 17. c4 Rfd8 18. cxd5 Qxd5 19. Qxd5 Rxd5 20.
Nd4 Nc5 21. g3 Kf8 22. Kg2 Ke7 23. Rd1 Kf6 24. Nc6 Ke6 25. Rxd5 Kxd5 26. Nd4
Re8 27. Nb3 Nxb3 28. Rxb3 Rc8 29. Rd3+ Ke6 30. Rd4 Rc5 31. Kf3 Rf5+ 32. Ke2 Ra5
33. a4 f5 34. h4 b5 35. axb5 Rxb5 36. Rd8 Rb2+ 37. Kf3 a5 38. Rh8 h6 39. Rg8
Kf7 40. Ra8 Rb5 41. Ra7+ Kg6 42. h5+ Kxh5 43. Rxg7 a4 44. Ra7 Rb4 45. Ra5 Kg5
46. Ra8 Kg6 47. Rg8+ Kf7 48. Rh8 Kg7 49. Ra8 Kg6 50. Ke2 Kh5 51. f4 Kg4 52.
Rg8+ Kh3 53. Kf3 Rb6 54. Ra8 Rg6 55. Rxa4 Rxg3+ 56. Kf2 Rg2+ 57. Kf3 Rg3+ 58.
Kf2 Rg6 59. Ra5 Kg4 60. Ra1 Rb6 61. Rg1+ Kh5 62. Kf3 Rb3 63. Rg8 Ra3 1/2-1/2

[Event "?"]
[Site "?"]
[Date "2017.07.24"]
[Round "1.4"]
[White "Jordan, Felix"]
[Black "Ng, Thomas"]
[Result "1/2-1/2"]
[WhiteElo "1472"]
[BlackElo "1357"]
[PlyCount "79"]
[EventDate "2017.07.28"]
[SourceDate "2017.07.28"]
[WhiteTeam "IRL"]
[BlackTeam "ENG B"]

1. e4 e6 2. d4 d5 3. Nd2 Nf6 4. e5 Nfd7 5. Ngf3 c5 6. c3 Nc6 7. Be2 Be7 8. O-O
O-O 9. Qc2 Qb6 10. Nb3 f6 11. Bd3 g6 12. Bxg6 hxg6 13. Qxg6+ Kh8 14. Bh6 Rg8
15. Qh5 Rg7 16. Bxg7+ Kxg7 17. Qg4+ Kf7 18. Qh5+ Kf8 19. Qh8+ Kf7 20. Qh5+ Kf8
21. Rfe1 fxe5 22. dxe5 c4 23. Nbd4 Nxd4 24. cxd4 Qxb2 25. Qh8+ Kf7 26. Qh5+ Kg7
27. Qg4+ Kf8 28. Qh5 Qc2 29. Qh8+ Kf7 30. Qh5+ Qg6 31. Qxg6+ Kxg6 32. Rab1 a6
33. h3 b5 34. Nh2 b4 35. f4 Kf5 36. g3 a5 37. Ng4 Ba6 38. Ne3+ Kg6 39. f5+ exf5
40. Nxd5 1/2-1/2

[Event "?"]
[Site "?"]
[Date "2017.07.24"]
[Round "1.1"]
[White "Sivarajasingam, Venetia"]
[Black "Sibbald, Connor"]
[Result "1-0"]
[WhiteElo "1710"]
[BlackElo "1399"]
[PlyCount "122"]
[EventDate "2017.07.28"]
[SourceDate "2017.07.28"]
[WhiteTeam "WLS"]
[BlackTeam "SCO"]

1. e4 c5 2. Nf3 d6 3. Bb5+ Bd7 4. Bxd7+ Qxd7 5. c4 Nc6 6. Nc3 Nf6 7. d4 cxd4 8.
Nxd4 g6 9. O-O Bg7 10. Nde2 O-O 11. f3 a6 12. Be3 Na5 13. b3 b5 14. cxb5 axb5
15. Rc1 e6 16. Qd2 Ne8 17. Nd4 Nc7 18. Qe2 Rab8 19. Rfd1 Rfd8 20. Rd2 b4 21.
Na4 Nb5 22. Nxb5 Qxb5 23. Qf2 Qa6 24. Rdd1 Rbc8 25. Bb6 Rxc1 26. Rxc1 Rc8 27.
Rd1 Nb7 28. Be3 Qc6 29. Qd2 Qc2 30. Rc1 Qxc1+ 31. Qxc1 Rxc1+ 32. Bxc1 Bd4+ 33.
Kf1 Nc5 34. Nxc5 dxc5 35. f4 f6 36. Ke2 e5 37. fxe5 fxe5 38. Bg5 Kf7 39. Kd3
Ke6 40. Kc4 Kd6 41. Kb5 Kd7 42. Bh6 Ke7 43. Kc6 Bg1 44. h3 Bd4 45. Kd5 Kf7 46.
Bg5 Ke8 47. Bf6 Kd7 48. Bxe5 Bf2 49. Bd6 Be3 50. Bxc5 Bd2 51. e5 h5 52. a3 bxa3
53. Bxa3 Ba5 54. b4 Bb6 55. e6+ Kd8 56. b5 g5 57. Kc6 Ba7 58. b6 Bb8 59. Bd6 g4
60. Bxb8 gxh3 61. gxh3 h4 1-0

[Event "?"]
[Site "?"]
[Date "2017.07.24"]
[Round "1.2"]
[White "Hartman, James"]
[Black "Ray, Hiya"]
[Result "1-0"]
[WhiteElo "1287"]
[BlackElo "1523"]
[PlyCount "27"]
[EventDate "2017.07.28"]
[SourceDate "2017.07.28"]
[WhiteTeam "SCO"]
[BlackTeam "WLS"]

1. d4 Nf6 2. Nf3 g6 3. Nc3 Bg7 4. e4 d6 5. Bf4 O-O 6. Qd2 Nbd7 7. h3 Re8 8. Bh6
Bh8 9. Bc4 e5 10. Ng5 Re7 11. O-O-O exd4 12. Qxd4 Ne5 13. Qxe5 Rxe5 14. Bxf7#
1-0

[Event "?"]
[Site "?"]
[Date "2017.07.24"]
[Round "1.3"]
[White "Chung, Ethan Cheung Jing"]
[Black "Connolly Sams, Dietah"]
[Result "0-1"]
[WhiteElo "1348"]
[BlackElo "1565"]
[PlyCount "80"]
[EventDate "2017.07.28"]
[SourceDate "2017.07.28"]
[WhiteTeam "WLS"]
[BlackTeam "SCO"]

1. e4 e6 2. d4 d5 3. exd5 exd5 4. c4 c6 5. Nf3 Nf6 6. Nc3 Bd6 7. Bg5 Be6 8.
cxd5 cxd5 9. Bb5+ Nc6 10. Ne5 Rc8 11. Qa4 O-O 12. Nxc6 bxc6 13. Bxc6 Be7 14.
O-O Qb6 15. Bb5 Rfd8 16. Rfd1 h6 17. Bh4 Rc7 18. Bxf6 Bxf6 19. Rac1 Ra8 20. Qa6
Bxd4 21. Qxb6 Bxb6 22. b4 a6 23. Be2 a5 24. a3 axb4 25. axb4 d4 26. Bf3 Rd8 27.
Nb5 Rxc1 28. Rxc1 d3 29. Rc6 d2 30. Bd1 Bb3 31. Nc3 Bxd1 32. Rxb6 Bc2 33. Kf1
d1=Q+ 34. Nxd1 Bxd1 35. Ke1 Ba4 36. b5 Kf8 37. Rb7 Ke8 38. b6 Bc6 39. Rc7 Bxg2
40. Ke2 Rb8 0-1

[Event "?"]
[Site "?"]
[Date "2017.07.24"]
[Round "1.1"]
[White "Ratnesan, Ranesh"]
[Black "Meillon, Judicael"]
[Result "1-0"]
[WhiteElo "1845"]
[BlackElo "1931"]
[PlyCount "71"]
[EventDate "2017.07.28"]
[SourceDate "2017.07.28"]
[WhiteTeam "ENG A"]
[BlackTeam "FRA"]

1. d4 Nf6 2. c4 e5 3. dxe5 Ne4 4. Nf3 d6 5. Bf4 Nc6 6. exd6 Bxd6 7. Bxd6 cxd6
8. e3 Bg4 9. Be2 Qb6 10. Nbd2 Nc5 11. b3 O-O-O 12. O-O Qc7 13. Nd4 Bxe2 14.
Qxe2 Ne6 15. Nb5 Qe7 16. Nf3 g5 17. Rfd1 g4 18. Nfd4 Nexd4 19. Nxd4 Ne5 20. b4
Rhg8 21. Rac1 Rg6 22. a4 Qf6 23. c5 Nf3+ 24. Kh1 Nxh2 25. c6 Qh4 26. cxb7+ Kxb7
27. Qb5+ Ka8 28. Qc6+ Kb8 29. Qb5+ Ka8 30. Qd5+ Kb8 31. Nc6+ Kc7 32. Ne5+ Kb8
33. Qb5+ Ka8 34. Qc6+ Kb8 35. Nd7+ Rxd7 36. Qc8# 1-0

[Event "?"]
[Site "?"]
[Date "2017.07.24"]
[Round "1.2"]
[White "Verhille, Elie"]
[Black "Yoon, Jacob D"]
[Result "1-0"]
[WhiteElo "1754"]
[BlackElo "1874"]
[PlyCount "105"]
[EventDate "2017.07.28"]
[SourceDate "2017.07.28"]
[WhiteTeam "FRA"]
[BlackTeam "ENG A"]

1. e4 c5 2. Nf3 e6 3. g3 d5 4. exd5 exd5 5. Bg2 Nf6 6. O-O Be7 7. d4 O-O 8. c3
Nc6 9. Bg5 Bg4 10. dxc5 h6 11. Be3 Ne4 12. h3 Bh5 13. g4 Bg6 14. Nbd2 Nxc5 15.
Nb3 Nd3 16. Qd2 Be4 17. Nc1 Nc5 18. Ne1 f5 19. f3 fxg4 20. fxe4 Rxf1+ 21. Kxf1
gxh3 22. Bxh3 d4 23. cxd4 Nxe4 24. Qg2 Qd5 25. Ne2 Rf8+ 26. Kg1 Rf6 27. Nf4
Rxf4 28. Bxf4 Qxd4+ 29. Kh2 Nf2 30. Bg3 Bd6 31. Bxd6 Qxd6+ 32. Kg1 Nxh3+ 33.
Qxh3 Qd4+ 34. Kh1 Qxb2 35. Qb3+ Qxb3 36. axb3 g5 37. Rd1 Kf7 38. Rd7+ Kf6 39.
Rxb7 Kf5 40. Rh7 Kg6 41. Rc7 Nd4 42. b4 a6 43. Rc4 Nf5 44. Rc6+ Kh5 45. Rxa6
Kg4 46. b5 h5 47. b6 Nd6 48. Ra5 h4 49. Rd5 Nb7 50. Rd7 Nc5 51. Rc7 Na6 52. Rc3
Kf4 53. b7 1-0

[Event "?"]
[Site "?"]
[Date "2017.07.24"]
[Round "1.3"]
[White "See, Tristian"]
[Black "Kien, Clovis"]
[Result "1-0"]
[WhiteElo "1531"]
[BlackElo "1501"]
[PlyCount "89"]
[EventDate "2017.07.28"]
[SourceDate "2017.07.28"]
[WhiteTeam "ENG A"]
[BlackTeam "FRA"]

1. e4 e5 2. Nf3 Nc6 3. Bc4 Bc5 4. c3 Nf6 5. d4 exd4 6. cxd4 Bb4+ 7. Bd2 Bxd2+
8. Nbxd2 d5 9. exd5 Nxd5 10. O-O O-O 11. Re1 Bg4 12. h3 Bxf3 13. Nxf3 Qd6 14.
Ne5 Rad8 15. Nxc6 Qxc6 16. Bb3 Qf6 17. Bxd5 Rxd5 18. Qb3 Rxd4 19. Qxb7 Rd2 20.
Qxa7 Rxb2 21. Rf1 Re8 22. a4 h6 23. Ra3 Ree2 24. Rf3 Qc6 25. Qd4 Rbd2 26. Qf4
f6 27. Re3 Rxe3 28. Qxe3 Qd7 29. Qb3+ Kh8 30. a5 Qd6 31. Qa4 Rd3 32. Ra1 Qa6
33. Rb1 Rd8 34. Rc1 Rc8 35. Rc6 Qa7 36. a6 Rb8 37. Rc1 Rb6 38. Ra1 Rb2 39. Qe8+
Kh7 40. Qe3 Rb6 41. g3 c5 42. Qd3+ Kh8 43. Qd8+ Kh7 44. Qxb6 Qxb6 45. a7 1-0

[Event "?"]
[Site "?"]
[Date "2017.07.24"]
[Round "1.4"]
[White "Croisille, Shanti"]
[Black "Metcalfe, Charlie P"]
[Result "0-1"]
[WhiteElo "1462"]
[BlackElo "1713"]
[PlyCount "82"]
[EventDate "2017.07.28"]
[SourceDate "2017.07.28"]
[WhiteTeam "FRA"]
[BlackTeam "ENG A"]

1. e4 e6 2. d4 d5 3. exd5 exd5 4. Bd3 Bd6 5. Nf3 Nf6 6. Bg5 O-O 7. O-O Bg4 8.
h3 Bh5 9. Nbd2 Nbd7 10. Re1 h6 11. Bh4 Re8 12. Rxe8+ Qxe8 13. Qf1 Qf8 14. c3
Re8 15. b4 g5 16. Bg3 Bxg3 17. fxg3 Ne4 18. g4 Bg6 19. Qc1 Ng3 20. Bxg6 Ne2+
21. Kf1 Nxc1 22. Bf5 Nf6 23. Rxc1 Ne4 24. Nxe4 dxe4 25. Ne5 Qd6 26. Kg1 f6 27.
Nd7 b6 28. Re1 e3 29. Re2 Kf7 30. Kf1 Rd8 31. Rxe3 Rxd7 32. Bxd7 Qxd7 33. Kf2
Qd5 34. Re2 Qc4 35. Re3 Qxa2+ 36. Kf3 Qb1 37. Kg3 a5 38. bxa5 bxa5 39. d5 Qa2
40. Rd3 Qc4 41. Rd1 Qf4# 0-1

[Event "?"]
[Site "?"]
[Date "2017.07.24"]
[Round "1.5"]
[White "Gilmore, Samuel"]
[Black "Lesage, Margot"]
[Result "1-0"]
[WhiteElo "1427"]
[BlackElo "1282"]
[PlyCount "65"]
[EventDate "2017.07.28"]
[SourceDate "2017.07.28"]
[WhiteTeam "ENG A"]
[BlackTeam "FRA"]

1. d4 d5 2. Nf3 e6 3. g3 c5 4. c3 Nc6 5. Bg2 Nf6 6. O-O Bd6 7. Nbd2 Qc7 8. dxc5
Bxc5 9. b4 Bd6 10. Bb2 O-O 11. Rc1 e5 12. a3 b5 13. Nb3 Be6 14. Ng5 Rac8 15.
Nxe6 fxe6 16. Nd2 Ne7 17. e4 Ng4 18. Qxg4 Rf6 19. Qe2 a5 20. Qxb5 Rb8 21. Qe2
Qa7 22. exd5 exd5 23. c4 d4 24. c5 Bc7 25. b5 Qb7 26. Bxb7 Rxb7 27. b6 Bb8 28.
Ne4 Rc6 29. Qh5 Ng6 30. Bxd4 exd4 31. Qd5+ Kh8 32. Qd8+ Nf8 33. Qxf8# 1-0

[Event "?"]
[Site "?"]
[Date "2017.07.24"]
[Round "1.6"]
[White "Tokplo, Victoria"]
[Black "Thatte, Nishchal"]
[Result "0-1"]
[WhiteElo "1251"]
[BlackElo "1535"]
[PlyCount "138"]
[EventDate "2017.07.28"]
[SourceDate "2017.07.28"]
[WhiteTeam "FRA"]
[BlackTeam "ENG A"]

1. e4 e6 2. d4 d5 3. e5 c5 4. c3 Qb6 5. Nf3 Nc6 6. a3 c4 7. Be2 Nh6 8. O-O Nf5
9. Nbd2 Na5 10. Rb1 Bd7 11. Ne1 Be7 12. Bg4 O-O 13. Nc2 Ba4 14. Ra1 f6 15. Nf3
Qb3 16. Nfe1 fxe5 17. dxe5 Bc5 18. Be3 Nxe3 19. Bxe6+ Kh8 20. Nxe3 Bxe3 21.
Qxb3 Nxb3 22. Ra2 Nd2 23. Nf3 Nxf1 24. Kxf1 Bb3 25. Ra1 Bc5 26. Bxd5 Rad8 27.
Bxb7 Rd1+ 28. Rxd1 Bxd1 29. Ke1 Bxf3 30. Bxf3 Re8 31. Kf1 Rxe5 32. Be2 Be7 33.
Bxc4 Bg5 34. b4 Bd2 35. f3 Bxc3 36. Kf2 Be1+ 37. Kf1 Bh4 38. g3 Be7 39. Kf2 a5
40. bxa5 Rxa5 41. Ke3 Rxa3+ 42. Ke4 g6 43. f4 Kg7 44. Ke5 Bf6+ 45. Kd6 Re3 46.
Be6 Re2 47. h4 Rg2 48. Kd7 Rxg3 49. Kd6 Bxh4 50. Ke5 Bf6+ 51. Ke4 h5 52. f5 h4
53. fxg6 h3 54. Bxh3 Rxh3 55. Kf5 Rh5+ 56. Kf4 Kxg6 57. Ke4 Rh3 58. Kf4 Rd3 59.
Ke4 Rd4+ 60. Ke3 Kf5 61. Kf3 Rd3+ 62. Ke2 Ke4 63. Kf2 Be5 64. Ke2 Bf4 65. Kf2
Rd2+ 66. Ke1 Ke3 67. Kf1 Kf3 68. Ke1 Be3 69. Kf1 Rd1# 0-1

[Event "?"]
[Site "?"]
[Date "2017.07.24"]
[Round "2.1"]
[White "Sibbald, Connor"]
[Black "Ratnesan, Ranesh"]
[Result "0-1"]
[WhiteElo "1399"]
[BlackElo "1845"]
[PlyCount "72"]
[EventDate "2017.07.28"]
[SourceDate "2017.07.28"]
[WhiteTeam "SCO"]
[BlackTeam "ENG A"]

1. d4 Nf6 2. c4 g6 3. Nc3 Bg7 4. e4 d6 5. Nf3 O-O 6. Be2 Nbd7 7. O-O e5 8. h3
exd4 9. Nxd4 Nc5 10. f3 a5 11. Be3 Qe7 12. Qd2 c6 13. Bf4 Nfd7 14. Nxc6 bxc6
15. Bxd6 Qh4 16. Bxf8 Bxf8 17. f4 Nf6 18. Bf3 Ne6 19. e5 Nh5 20. Bxc6 Ra6 21.
Bb5 Nexf4 22. Qf2 Qg5 23. Kh2 Qxe5 24. g3 Rf6 25. Rae1 Ne2 26. Qxe2 Qxg3+ 27.
Kh1 Qxh3+ 28. Kg1 Bc5+ 29. Rf2 Bxf2+ 30. Qxf2 Rxf2 31. Kxf2 Qg3+ 32. Ke2 Nf4+
33. Kd2 Qd3+ 34. Kc1 Bf5 35. Ba4 Qxc4 36. Re8+ Kg7 0-1

[Event "?"]
[Site "?"]
[Date "2017.07.24"]
[Round "2.2"]
[White "Yoon, Jacob D"]
[Black "Hartman, James"]
[Result "1-0"]
[WhiteElo "1874"]
[BlackElo "1287"]
[PlyCount "69"]
[EventDate "2017.07.28"]
[SourceDate "2017.07.28"]
[WhiteTeam "ENG A"]
[BlackTeam "SCO"]

1. e4 e6 2. d4 d5 3. Nd2 a6 4. c3 c5 5. exd5 exd5 6. Ngf3 Nc6 7. dxc5 Bxc5 8.
Nb3 Bb6 9. Be2 Nf6 10. Bg5 h6 11. Bxf6 Qxf6 12. Qxd5 Be6 13. Qd2 O-O 14. O-O
Rad8 15. Qc1 Rfe8 16. Re1 Ne5 17. Nbd4 Nxf3+ 18. Nxf3 Bg4 19. h3 Bh5 20. Qc2
Bg6 21. Qb3 Rd7 22. Bc4 Rde7 23. Rxe7 Rxe7 24. Rf1 Bh5 25. Bd5 g5 26. Qc4 Kh7
27. Nd2 Kg7 28. Ne4 Qe5 29. Qb4 Bc7 30. Ng3 Bd6 31. Qxd6 Qxd6 32. Nf5+ Kg8 33.
Nxd6 Rd7 34. Ne4 Kg7 35. c4 1-0

[Event "?"]
[Site "?"]
[Date "2017.07.24"]
[Round "2.3"]
[White "Connolly Sams, Dietah"]
[Black "See, Tristian"]
[Result "0-1"]
[WhiteElo "1565"]
[BlackElo "1531"]
[PlyCount "62"]
[EventDate "2017.07.28"]
[SourceDate "2017.07.28"]
[WhiteTeam "SCO"]
[BlackTeam "ENG A"]

1. d4 d5 2. c4 e6 3. Nc3 Nf6 4. Nf3 c5 5. e3 Nc6 6. Bd2 Be7 7. Be2 O-O 8. O-O
a6 9. a4 cxd4 10. exd4 dxc4 11. Bf4 Nd5 12. Bg3 Bb4 13. Qc2 Bd7 14. Bxc4 Bxc3
15. Bxd5 Nb4 16. Qxc3 Nxd5 17. Qb3 b5 18. axb5 Bxb5 19. Rfc1 Rc8 20. Ne5 Qg5
21. Rd1 Nf4 22. Nf3 Ne2+ 23. Kh1 Nxg3+ 24. hxg3 Qf5 25. d5 Bc4 26. Qa4 Bxd5 27.
Nh4 Qxf2 28. Qxa6 Qxg3 29. Nf3 Bxf3 30. gxf3 Rc2 31. b4 Qh2# 0-1

[Event "?"]
[Site "?"]
[Date "2017.07.24"]
[Round "2.1"]
[White "Brass, Ezra"]
[Black "Sivarajasingam, Venetia"]
[Result "1-0"]
[WhiteElo "1576"]
[BlackElo "1710"]
[PlyCount "79"]
[EventDate "2017.07.28"]
[SourceDate "2017.07.28"]
[WhiteTeam "ENG B"]
[BlackTeam "WLS"]

1. e4 e6 2. d4 d5 3. Nc3 dxe4 4. Nxe4 Nd7 5. Bd3 Ngf6 6. Nf3 Nxe4 7. Bxe4 Nf6
8. Bd3 c5 9. O-O Qb6 10. a4 Be7 11. a5 Qd8 12. Re1 O-O 13. c3 Bd7 14. Ne5 cxd4
15. cxd4 Bc8 16. Bg5 h6 17. Bh4 Nd5 18. Bg3 Bb4 19. Re4 Nf6 20. Bh4 g5 21. Bg3
Nxe4 22. Bxe4 f5 23. Qh5 Rf6 24. Bc2 Bd7 25. Nxd7 Qxd7 26. Be5 Qf7 27. Qf3 Rg6
28. g4 Rc8 29. Qb3 Rxc2 30. Qxc2 fxg4 31. Qc4 Be7 32. Qc8+ Qf8 33. Qxb7 Bf6 34.
Qxa7 Rg7 35. Qb8 Qxb8 36. Bxb8 Bxd4 37. a6 Ba7 38. Bxa7 Rxa7 39. b4 Kf7 40. b5
1-0

[Event "?"]
[Site "?"]
[Date "2017.07.24"]
[Round "2.2"]
[White "Ray, Hiya"]
[Black "Saidmurodov, Shahjahon"]
[Result "0-1"]
[WhiteElo "1523"]
[BlackElo "1505"]
[PlyCount "96"]
[EventDate "2017.07.28"]
[SourceDate "2017.07.28"]
[WhiteTeam "WLS"]
[BlackTeam "ENG B"]

1. d4 Nf6 2. c4 e5 3. dxe5 Ng4 4. Nf3 Bc5 5. e3 Nc6 6. Nc3 a5 7. Be2 O-O 8. O-O
Ngxe5 9. Nxe5 Nxe5 10. b3 Ra6 11. Bb2 Ba7 12. Ne4 Re8 13. Qd5 Qe7 14. c5 Rh6
15. Rac1 Nc6 16. Ng3 d6 17. cxd6 cxd6 18. Bb5 Be6 19. Qf3 Bd7 20. Nf5 Bxf5 21.
Qxf5 Bc5 22. Rfd1 Rg6 23. Qf3 Rc8 24. Bc3 Nb4 25. Rd2 Rc7 26. a3 Nc6 27. Bxc6
Bxa3 28. Rcc2 Rxc6 29. Bxa5 Qe5 30. Rxc6 bxc6 31. b4 Qc3 32. Rd1 h6 33. Qe4 Re6
34. Qd4 Qxd4 35. Rxd4 c5 36. bxc5 dxc5 37. Rd8+ Kh7 38. Rc8 Ra6 39. Bc3 Bb4 40.
Bb2 Ra2 41. Be5 f6 42. Bxf6 gxf6 43. Kf1 Rc2 44. g3 c4 45. h4 c3 46. Ke1 Rd2
47. Kf1 c2 48. Kg2 Ba3 0-1

[Event "?"]
[Site "?"]
[Date "2017.07.24"]
[Round "2.3"]
[White "Lesliel, Alex"]
[Black "Chung, Ethan Cheung Jing"]
[Result "0-1"]
[WhiteElo "1485"]
[BlackElo "1348"]
[PlyCount "152"]
[EventDate "2017.07.28"]
[SourceDate "2017.07.28"]
[WhiteTeam "ENG B"]
[BlackTeam "WLS"]

1. d4 d5 2. c4 e6 3. Nc3 c5 4. cxd5 cxd4 5. Qxd4 Nc6 6. Qd1 Nb4 7. a3 Nxd5 8.
Nxd5 Qxd5 9. Qxd5 exd5 10. Bf4 Nf6 11. e3 a6 12. Nf3 Bf5 13. Rc1 g6 14. Be5 Bg7
15. Be2 O-O 16. O-O Rfe8 17. h3 Be4 18. Bd4 Rac8 19. Rfd1 b5 20. b4 Bc2 21. Re1
Ne4 22. Bxg7 Kxg7 23. Nd4 Ba4 24. Bf3 Rc4 25. Bxe4 Rxe4 26. Kf1 Re8 27. Ke2
Rec8 28. Kd2 f5 29. Rxc4 dxc4 30. Kc3 Kf6 31. g4 fxg4 32. hxg4 h5 33. gxh5 gxh5
34. e4 Ke5 35. Rh1 Kxe4 36. Rxh5 Rf8 37. f3+ Ke3 38. Rh6 Ra8 39. Re6+ Kf2 40.
f4 Rh8 41. f5 Rh3+ 42. Kb2 c3+ 43. Ka2 Rd3 44. Re4 Rd2+ 45. Ka1 Rd1+ 46. Ka2 c2
47. Re2+ Kf1 48. Rxc2 Bxc2 49. Nxc2 Ke2 50. Kb3 Rd3+ 51. Kb2 Kd1 52. Na1 Rf3
53. Nb3 Rxf5 54. Nc5 Rf6 55. Kb3 Ke2 56. a4 Rf3+ 57. Kb2 Rf6 58. axb5 axb5 59.
Kc3 Ke3 60. Nb3 Rc6+ 61. Nc5 Rc8 62. Kc2 Kd4 63. Kb3 Rc6 64. Nd7 Rc3+ 65. Kb2
Kc4 66. Nb6+ Kd4 67. Nd7 Rc7 68. Nb6 Rc6 69. Nd7 Rd6 70. Nb8 Kc4 71. Ka3 Kc3
72. Ka2 Kxb4 73. Kb2 Kc4 74. Kc2 b4 75. Kb2 b3 76. Kb1 Kc3 0-1

[Event "?"]
[Site "?"]
[Date "2017.07.24"]
[Round "2.4"]
[White "Smith, Madeleine"]
[Black "Ng, Thomas"]
[Result "1-0"]
[WhiteElo "1020"]
[BlackElo "1357"]
[PlyCount "85"]
[EventDate "2017.07.28"]
[SourceDate "2017.07.28"]
[WhiteTeam "WLS"]
[BlackTeam "ENG B"]

1. e4 e6 2. d4 d5 3. exd5 exd5 4. c4 Nc6 5. Nf3 Bg4 6. Be3 Qd7 7. Nc3 Bd6 8.
cxd5 Nce7 9. Bb5 c6 10. dxc6 bxc6 11. Bc4 Nf6 12. O-O Qc7 13. h3 Bf5 14. Bg5
Nfd5 15. Nxd5 Nxd5 16. Re1+ Be7 17. Bxd5 f6 18. Bf4 Qxf4 19. Bxc6+ Kf7 20. Bxa8
Rxa8 21. Qb3+ Be6 22. Qxe6+ Kg6 23. Qxe7 Rb8 24. Qe4+ Qxe4 25. Rxe4 a5 26. b3
a4 27. Rb1 axb3 28. axb3 h6 29. d5 f5 30. Rd4 Rb7 31. d6 Rd7 32. b4 Kh5 33. b5
g5 34. b6 g4 35. hxg4+ fxg4 36. Nh2 g3 37. fxg3 Rb7 38. d7 Rb8 39. d8=Q Rxb6
40. Qh4+ Kg6 41. Rxb6+ Kf7 42. Rd7+ Ke8 43. Qd8# 1-0

[Event "?"]
[Site "?"]
[Date "2017.07.24"]
[Round "2.1"]
[White "Dwyer, Daniel"]
[Black "Meillon, Judicael"]
[Result "1-0"]
[WhiteElo "1720"]
[BlackElo "1931"]
[PlyCount "59"]
[EventDate "2017.07.28"]
[SourceDate "2017.07.28"]
[WhiteTeam "IRL"]
[BlackTeam "FRA"]

1. e4 g6 2. d4 Bg7 3. Nc3 d6 4. Be3 Nf6 5. f3 O-O 6. Qd2 Re8 7. O-O-O a6 8. g4
b5 9. a3 Be6 10. Bh6 Bh8 11. h4 c6 12. h5 b4 13. axb4 Qb6 14. hxg6 fxg6 15. Nh3
a5 16. b5 cxb5 17. Bxb5 Rc8 18. Nf4 Bf7 19. e5 Be8 20. exf6 Bxb5 21. Nfd5 Qb7
22. Nxe7+ Kf7 23. Nxc8 Ra6 24. Rde1 Bxf6 25. Bg5 Nd7 26. Rxh7+ Kg8 27. Re8+
Kxh7 28. Qh2+ Kg7 29. Qh8+ Kf7 30. Qg8# 1-0

[Event "?"]
[Site "?"]
[Date "2017.07.24"]
[Round "2.2"]
[White "Verhille, Elie"]
[Black "Menon, Sanjay"]
[Result "1-0"]
[WhiteElo "1754"]
[BlackElo "1499"]
[PlyCount "91"]
[EventDate "2017.07.28"]
[SourceDate "2017.07.28"]
[WhiteTeam "FRA"]
[BlackTeam "IRL"]

1. e4 e6 2. d4 d5 3. Nd2 Nf6 4. e5 Nfd7 5. c3 c5 6. f4 cxd4 7. cxd4 Nc6 8. Ndf3
a5 9. Bd3 Nb6 10. Ne2 Bd7 11. O-O a4 12. g4 h5 13. gxh5 Rxh5 14. Ng3 Rh8 15. f5
Be7 16. Qd2 Nc4 17. Qf4 Qb6 18. fxe6 Bxe6 19. Nf5 O-O-O 20. Kh1 Rdg8 21. Bxc4
dxc4 22. Be3 Qd8 23. b3 cxb3 24. axb3 Bxb3 25. Rfb1 Qd5 26. Rc1 Kd7 27. Nxe7
Nxe7 28. e6+ fxe6 29. Rc5 Qd6 30. Ne5+ Ke8 31. Rd1 Bd5+ 32. Kg1 Bc6 33. Qf7+
Kd8 34. Qf2 Rf8 35. Bf4 Ke8 36. Qd2 Rh4 37. Rf1 Nd5 38. Bg3 Rxf1+ 39. Kxf1 Qf8+
40. Kg1 Re4 41. Qd3 Re3 42. Qg6+ Kd8 43. Qxe6 Nf4 44. Nxc6+ bxc6 45. Qxe3 Nh3+
46. Kg2 1-0

[Event "?"]
[Site "?"]
[Date "2017.07.24"]
[Round "2.3"]
[White "Kirby, Con"]
[Black "Kien, Clovis"]
[Result "1-0"]
[WhiteElo "1228"]
[BlackElo "1501"]
[PlyCount "69"]
[EventDate "2017.07.28"]
[SourceDate "2017.07.28"]
[WhiteTeam "IRL"]
[BlackTeam "FRA"]

1. e4 e5 2. Nf3 Nc6 3. Bc4 Bc5 4. O-O d6 5. d3 Na5 6. Bb3 Nxb3 7. axb3 Bg4 8.
h3 Bh5 9. Nc3 a6 10. Be3 Bxe3 11. fxe3 Ne7 12. d4 Nc6 13. Qd2 O-O 14. Ne2 Re8
15. Ng3 Bxf3 16. Rxf3 Qg5 17. Qf2 f6 18. Re1 Re7 19. Nf5 Rd7 20. Rg3 Qh5 21.
Rg4 Qe8 22. Qg3 Qf8 23. Rf1 a5 24. Rh4 a4 25. Qg4 axb3 26. Nh6+ Kh8 27. Qxd7
gxh6 28. cxb3 exd4 29. exd4 Nxd4 30. Qxc7 Nxb3 31. Qc3 Nc5 32. Rxf6 Qg7 33. Rg4
Nxe4 34. Rxe4 Rg8 35. Rg4 1-0

[Event "?"]
[Site "?"]
[Date "2017.07.24"]
[Round "2.4"]
[White "Croisille, Shanti"]
[Black "Jordan, Felix"]
[Result "0-1"]
[WhiteElo "1462"]
[BlackElo "1472"]
[PlyCount "112"]
[EventDate "2017.07.28"]
[SourceDate "2017.07.28"]
[WhiteTeam "FRA"]
[BlackTeam "IRL"]

1. e4 e5 2. Nf3 Nc6 3. d4 exd4 4. Nxd4 Nxd4 5. Qxd4 Ne7 6. Nc3 Nc6 7. Qe3 Bb4
8. Bd2 d6 9. O-O-O a6 10. Bc4 Qe7 11. Qg3 Bxc3 12. Bxc3 f6 13. h4 Bd7 14. h5
O-O-O 15. f3 Ne5 16. Bb3 Be6 17. Bxe6+ Qxe6 18. h6 g6 19. Kb1 Rhf8 20. Qf2 Nc6
21. Rhe1 Qf7 22. Rd3 Kb8 23. Bd2 d5 24. exd5 Rxd5 25. Rb3 Rfd8 26. Rd1 Qd7 27.
Kc1 Na5 28. Rc3 Nc6 29. f4 Nb4 30. Ra3 Qf5 31. Rd3 Rxd3 32. Qe2 R3d5 33. Qc4
Nc6 34. g3 Qd7 35. Qe2 Nb4 36. a3 Na2+ 37. Kb1 Rxd2 38. Rxd2 Qxd2 39. Qc4 Nc1
40. b3 Qd6 41. Kb2 Qd4+ 42. Qxd4 Rxd4 43. Kxc1 g5 44. fxg5 fxg5 45. Kb2 Rg4 46.
Kc3 Rxg3+ 47. Kd4 Rf3 48. Ke4 Rf8 49. b4 g4 50. c4 g3 51. b5 g2 52. bxa6 bxa6
53. a4 g1=Q 54. a5 Qg6+ 55. Kd4 Rd8+ 56. Kc5 Qd6# 0-1